| 000 | 00700nam a22002177a 4500 | ||
|---|---|---|---|
| 999 |
_c5266 _d5266 |
||
| 003 | AR-CdUCM | ||
| 008 | 190312b ||||| |||| 00| 0 spa d | ||
| 040 |
_aMUNICIPALIDAD PROVINCIAL DEL CUSCO _cBIBLIOTECA MUNICIPAL DEL CUSCO |
||
| 082 |
_a759.985 / _bT85 / |
||
| 100 |
_aTsuchiya, Tilsa _94608 |
||
| 245 | _aTilsa / | ||
| 260 |
_aLima : _bFundación Telefónica : Museo de Arte de Lima, _c2000. |
||
| 300 |
_a369 páginas ; _bIlustraciones, _c29 cm. |
||
| 500 | _aCatalogo de obras de la artista | ||
| 650 |
_aArte _9561 |
||
| 650 |
_aPintura _93081 |
||
| 650 |
_aOleo _915938 |
||
| 700 |
_aJorge Villacorta y Luis Eduardo Wuffarden, editores. _915939 |
||
| 942 |
_2ddc _cLIBROS |
||
| 945 | _admma | ||